000 00485nam a2200205Ia 4500
008 170918s9999 xx 000 0 und d
020 _a9780545852883
050 _bS539 2014
100 _aShea, Bob
245 _aDon't play with your food! /
245 _cBob Shea.
260 _aNew York :
260 _bScholastic,
260 _c2014
300 _aunpaged :
300 _bcolored illustration ;
300 _c25cm.
440 _aBuddy and the bunnies.
500 _a400
999 _c341405
_d341405